000 00812nam a2200253Ia 4500
008 191130s2001##################000#0#eng##
020 _a9780792374763
022 _a2001038473
040 _aACL
_cACL
082 _a338.9 KUP
245 _aCoordination and growth : essays in honour of Simon K. Kuipers
_cedited by Gerard H. Kuper, Elmer Sterken, Els Wester
260 _aDordrecht ; Boston
_bKluwer Academic Publishers
_c2001
300 _axiv, 278 p. : ill. ; 24 cm
500 _aIncludes bibliographical references
650 _aEconomists - Netherlands
650 _aKuipers, S. K. (Simon Klaas)
650 _aMacroeconomics
700 _aKuipers, S. K
700 _aKuper, G. H
700 _aSterken, E
990 _a7ac3f5b6ac10000c45bd496657d2488e
991 _a189743
999 _c139189
_d139189